000
00295nam a22001337a 4500
008
171228b xxu||||| |||| 00| 0 eng d
020
_a
9780673382511
041
_a
eng
080
_a
510
100
_a
36
101
_a
MAT
245
_a
CALCULUS WITH APPLICATIONS
_c
LIAL, M.L
942
_2
udc
_c
BK
999
_c
39550
_d
39550